000 00840nam a2200277 a 4500
001 000081387
005 20200120224524.0
008 161121s2015 ck ||||gr|||| 000 ||spa d
020 _a9789588639611
041 0 _a*+spa
043 _as-ck---
090 _aAN
_bGRODg
100 1 _aGrossman, David
245 1 0 _aGran cabaret /
_cDavid Grossman ; traducción, Ana María Bejarano.
250 _a1a. ed.
260 _aBarcelona : Bogotá :
_bPenguin Random House : Lumen,
_c2015.
300 _a236 páginas.
490 0 _aLumen. Narrativa
500 _aIncluye índice
650 1 7 _aHombres en la literatura
_2LEMB
650 2 7 _aRecuerdos en la literatura
_2LEMB
650 2 7 _aIronía en la literatura
_2LEMB
650 2 7 _aNovela israelí
_2LEMB
650 2 7 _aLiteratura adulto
_2LEMB
700 1 _aBejarano, Ana María,
_etraductora
999 _c9799
_d9799